| 000 | 00659na a2200217 4500 | ||
|---|---|---|---|
| 001 | 21850 | ||
| 003 | MIRAKIL | ||
| 005 | 20181213154813.0 | ||
| 008 | 170208b tu 000 0 | ||
| 040 |
_aMilas _btur _cTR-AnCHP |
||
| 041 | _atur | ||
| 082 |
_a700.02 _bG31 [t.y.] |
||
| 090 | _a700.02 G31 [t.y.] | ||
| 245 |
_aGeçmişten günümüze sanat kurumu ödülleri _c[Yayına hazırlayan] Mürşide İçmeli |
||
| 260 |
_a[y.y.] _b[yayl.y.] _c[t.y.] _fGüzeliş Ofset |
||
| 300 |
_a171 s. _bfotğ. _c27 sm. |
||
| 650 |
_aSanatçılar _xÖdüller _zTürkiye |
||
| 650 |
_aSanat ödülleri _xKataloglar |
||
| 700 | _aİçmeli, Mürşide | ||
| 942 |
_2ddc _cBKS |
||
| 999 |
_c1136 _d1136 |
||